Southville International School and Colleges
Your cart is empty.
  • Cart
  • Lists
    Public lists Eva Luna New books Lux_list list_1
    Your lists Log in to create your own lists
  • Log in to your account
  • Your cookies
  • Search history
Southville International School and Colleges
  • Advanced search
  • Recent comments
  • Most popular
  • Libraries

Log in to your account

Log in with GOOGLE


If you do not have an external account, but do have a local account, you can still log in:

  1. Home
  2. MARC view: Disciplinary identities
Normal view MARC view ISBD view

Disciplinary identities (Record no. 15725)

[ view plain ]
MARC details
000 -LEADER
fixed length control field 01976cam a22003858i 4500
001 - CONTROL NUMBER
control field 17067710
003 - CONTROL NUMBER IDENTIFIER
control field OSt
005 - DATE AND TIME OF LATEST TRANSACTION
control field 20140310182750.0
008 - FIXED-LENGTH DATA ELEMENTS--GENERAL INFORMATION
fixed length control field 111202s2012 enk b 001 0 eng
010 ## - LIBRARY OF CONGRESS CONTROL NUMBER
LC control number 2011048388
020 ## - INTERNATIONAL STANDARD BOOK NUMBER
International Standard Book Number 9780521197595
040 ## - CATALOGING SOURCE
Original cataloging agency DLC
Language of cataloging eng
Transcribing agency DLC
Description conventions rda
042 ## - AUTHENTICATION CODE
Authentication code pcc
050 00 - LIBRARY OF CONGRESS CALL NUMBER
Classification number PE 1128
Item number .H996 2012
082 00 - DEWEY DECIMAL CLASSIFICATION NUMBER
Classification number M 410.188
-- 23
Item number H95 2012
084 ## - OTHER CLASSIFICATION NUMBER
Classification number FOR007000
Source of number bisacsh
100 1# - MAIN ENTRY--PERSONAL NAME
Personal name Hyland, Ken.
245 10 - TITLE STATEMENT
Title Disciplinary identities
Remainder of title individuality and community in academic discourse
Statement of responsibility, etc Hyland, Ken
260 ## - PUBLICATION, DISTRIBUTION, ETC. (IMPRINT)
Place of publication, distribution, etc Cambridge
Name of publisher, distributor, etc Cambridge University Press
Date of publication, distribution, etc c2012
263 ## - PROJECTED PUBLICATION DATE
Projected publication date 1111
300 ## - PHYSICAL DESCRIPTION
Extent xiii, 236 p.
Other physical details ill.
Dimensions 23 cm.
490 0# - SERIES STATEMENT
Series statement Cambridge applied linguistics
504 ## - BIBLIOGRAPHY, ETC. NOTE
Bibliography, etc Includes bibliographical references and index.
520 ## - SUMMARY, ETC.
Summary, etc "Disciplinary Identities uses findings from corpus research to present fascinating insights into the relationship between author identity and disciplinarity in academic writing. Ken Hyland draws on a number of sources to explore how authors convey aspects of their identities within the constraints placed upon them by their disciplines' rhetorical conventions. He promotes corpus methods as important tools in identity research, demonstrating the effectiveness of keyword and collocation analysis in highlighting both the norms of a particular genre and an author's idiosyncratic choices"--
521 ## - TARGET AUDIENCE NOTE
Target audience note
526 ## - STUDY PROGRAM INFORMATION NOTE
Reading level 1210L-1700L
541 ## - IMMEDIATE SOURCE OF ACQUISITION NOTE
-- 1
562 ## - COPY AND VERSION IDENTIFICATION NOTE
Number of copies For circulation. 1 copy available in the collection.
650 #0 - SUBJECT ADDED ENTRY--TOPICAL TERM
Topical term or geographic name as entry element English language
General subdivision Study and teaching
-- Foreign speakers.
650 #7 - SUBJECT ADDED ENTRY--TOPICAL TERM
Topical term or geographic name as entry element FOREIGN LANGUAGE STUDY / English as a Second Language.
Source of heading or term bisacsh
856 42 - ELECTRONIC LOCATION AND ACCESS
Materials specified Cover image
Uniform Resource Identifier <a href="http://assets.cambridge.org/97805211/97595/cover/9780521197595.jpg">http://assets.cambridge.org/97805211/97595/cover/9780521197595.jpg</a>
906 ## - LOCAL DATA ELEMENT F, LDF (RLIN)
a 0
b vip
c orignew
d 1
e ecip
f 20
g y-gencatlg
942 ## - ADDED ENTRY ELEMENTS (KOHA)
Source of classification or shelving scheme Library of Congress Classification
Koha item type Books
Call number prefix
Holdings
Withdrawn status Lost status Source of classification or shelving scheme Damaged status Home library Current library Shelving location Date acquired Total Checkouts Full call number Barcode Date last seen Copy number Price effective from Koha item type
    Library of Congress Classification   College Library College Library General Circulation Section 10/12/2012   PE 1128 .H996 2012 c15857 05/15/2018 1 10/12/2012 Books

Disciplinary identities

APA

Hyland K., . (2012). Disciplinary identities. Cambridge: Cambridge University Press.

Chicago

Hyland Ken, . 2012. Disciplinary identities. Cambridge: Cambridge University Press.

Harvard

Hyland K., . (2012). Disciplinary identities. Cambridge: Cambridge University Press.

MLA

Hyland Ken, . Disciplinary identities. Cambridge: Cambridge University Press. 2012.

  • Place hold
  • Print
  • Cite
  • Add to your cart (remove)
  • Save record
    BIBTEX Dublin Core MARCXML MARC (non-Unicode/MARC-8) MARC (Unicode/UTF-8) MARC (Unicode/UTF-8, Standard) MODS (XML) RIS
  • More searches
    Search for this title in:
    Other Libraries (WorldCat) Other Databases (Google Scholar) Online Stores (Bookfinder.com) Open Library (openlibrary.org)

Exporting to Dublin Core...

SOUTHVILLE LIBRARY

Southville International School and Colleges Library

1281 Tropical Ave. Cor. Luxembourg St., BF Homes International, Las Pinas City

Tel. No. 8256374 / 252358 Loc. 117/146

Powered by Koha